000 00932nam a22003257a 4500
001 BR2010005161
003 BR-BrBNA
005 20230928103418.0
007 ta
008 230509b bl.||||| |||| 00| 0 por d
040 _aBR-BrBNA
_bpor
_cBiblioteca Nacional de Agricultura
041 _a(Por)
072 _aF04; F02
_b1110
_b3530
090 _ 1110 BR2010005161
100 1 _aCosta, A.C.
110 1 _aUniversidade Federal de Lavras, MG (Brasil)
_0Tese (Mestrado)
245 1 _aAlternativas para adubação de mudas de abacateiro 'Quintal'
260 3 _aLavras, MG (Brasil):
_c2010.
300 _a51 p.
500 _aSummaries (Eng, Por); Bibliography p. 43-48; 10 tables
650 _aABACATE
650 _aVARIEDADE
650 _aMUDA
650 _aADUBAÇÃO
650 _aNPK
650 _aNUTRIÇÃO VEGETAL
650 _aPROPAGAÇÃO VEGETATIVA
909 _a202309
_bLucia
_c55
_dLucia Elande
942 _cBK
999 _c75000
_d75000